000 01252njm a22002897a 4500
005 20100914152621.0
007 sd ammalaaahaa
008 100913t xxu||||| |||| 00| 0 hin d
028 _a7EPE 7096
_bEMI
035 _aGR-02848
040 _aSED
_cSED
100 _aMangeskar, Lata
_91184
245 _aAandhi /
_cbyLata Mangeskar [and] Kishore Kumar ; Music by Rahul Dev Burman ; Lyric by Gulzar
_h[sound recording] :
246 _aआंधी / लता मंगेशकर द्वारा
260 _aDum Dum India
_bEMI
_c1965
300 _a1 sound disc [Gramophone record] :
_banalog, 45 rpm
_c7.5 in. (SP)
_fGramophone Record
500 _aBrief Record
500 _aRecord label :EMI, Red
505 _aSide १ तेरे बिना जिंदगी से (Tere bina jindagi se ) (Lata Mangeskar ) Side 2 इस मोड़ पे जाते हैं (Is mod pe jate hain) ( Lata Mangeskar )
600 _aMangeskar, Lata
_919992
650 _aFilm Songs
_xExcerpts
_zIndia
_919603
700 _919604
_aKishore Kumar
700 _919605
_aBurman, Rahul Dev
700 _aGulzar
_920312
942 _2ddc
_cGR
999 _c46137
_d46137